000 00315nam a2200121Ia 4500
008 190216s9999||||xx |||||||||||||| ||und||
100 _aJain Ts
245 0 _aState Bank Probationary Officers Examination
260 _bUpkar Prakashan
_c1985
300 _a256p
650 _aProbationary Officers Exam
942 _cREF
999 _c35619
_d35619